Top 10 des pays les moins fertiles du monde - Statistiques

Statistiques générales
  • Ce quiz a été pris 48 fois
  • Le résultat moyen est 4 sur 10
Statistiques - réponses
Taux de fertilité Pays % Correct
1 Chine
95%
0.7 Corée du Sud
81%
1 Singapour
40%
1.1 Espagne
36%
1 Ukraine
31%
1.2 Pologne
29%
1.1 Andorre
24%
1.1 Malte
17%
1.1 Saint-Marin
12%
1.2 Chili
7%
Aucun quiz correspondant
Distribution des résultats
% des personnes avec chaque résultat
Percentile par nombre de réponses
Votre historique - résultats
Vous n’avez pas pris ce quiz